| 000 | 00357nam a22001457a 4500 | ||
|---|---|---|---|
| 003 | SGT | ||
| 020 | _a9789382676010 | ||
| 082 |
_a340 _bRAI |
||
| 100 | _aRAI KAILASH | ||
| 245 |
_aLEGAL ETHICS _bACCOUNTABILITY FOR LAWYERS & BAR RELATIONS |
||
| 250 | _a11 | ||
| 260 |
_aALLAHABAD _bCENTRAL LAW PUBLICATION _c2018 |
||
| 300 | _aXXIV ,432 | ||
| 942 |
_2ddc _cBK _044 |
||
| 999 |
_c17986 _d17986 |
||